000 00407nam a22001697a 4500
003 MPLRDC
005 20220104123641.0
008 210129b ||||| |||| 00| 0 eng d
082 _a411.19 CSL
100 _a陈淑玲译
245 _a怎样提高智力
_c
260 _a
_b建宏出版社
_c1990
300 _b
490 _a健康生活丛书. 81
650 _a健脑法
942 _cBK
_o411.19 CSL
999 _c13090
_d13080